Statistics for Top 20 Words Starting With RE

Click here to take the quiz!

General Stats

  • This quiz has been taken 586 times
  • The average score is 8 of 20

Answer Stats

ranklettersword% Correct
14read
92%
94real
91%
163red
89%
134rest
86%
36really
63%
145reach
61%
205ready
55%
58remember
54%
46reason
38%
26return
33%
106record
31%
66report
27%
116remain
26%
127require
20%
157receive
19%
1712relationship
11%
186reduce
9%
88research
9%
196region
6%
76result
6%

Score Distribution

Percentile by Number Answered

Percent of People with Each Score

Your Score History

You have not taken this quiz